TV Guide's Best Episodes of 2013 Quiz Stats

 Plays Quiz not verified by Sporcle

Challenge
Share
Tweet
Embed
Score 0/25 Timer 05:00
0 Plays Today
% Correct
Doctor Who
63.3%
Game of Thrones
59%
Breaking Bad
47.9%
Jimmy Kimmel Live!
46.1%
Orange Is the New Black
44.3%
The Big Bang Theory
43.8%
Glee
41.7%
Law & Order: SVU
28.8%
Hannibal
26.7%
House of Cards
26.2%
The Office
26%
30 Rock
24.6%
Parks and Recreation
23.2%
% Correct
The Mindy Project
21.3%
Arrested Development
17.8%
The Vampire Diaries
16.2%
Mad Men
15.9%
Orphan Black
15.4%
The Good Wife
15.1%
Fringe
12.7%
Justified
11.6%
Scandal
10.4%
Masters of Sex
10.1%
Parenthood
8.7%
Switched at Birth
5.1%

You're not logged in!

Compare scores with friends on all Sporcle quizzes.
Join for Free
OR
Log In

You Might Also Like...

Show Comments

Extras

Top Quizzes Today


Score Distribution

Your Account Isn't Verified!

In order to create a playlist on Sporcle, you need to verify the email address you used during registration. Go to your Sporcle Settings to finish the process.

Report this User

Report this user for behavior that violates our Community Guidelines.

Details: